000 02811cam a2200385 4500500
005 20260208002009.0
041 _afre
042 _adc
100 1 0 _aDallaporta, Alexandre
_eauthor
245 0 0 _aUn Fils élu par grâce ou sujet de notre élection divine ? Actualité des débats d’Athanase d’Alexandrie avec l’arianisme
260 _c2026.
500 _a87
520 _aLa dimension sotériologique et les implications anthropologiques des débats d’Athanase d’Alexandrie avec l’arianisme ont été mises en valeur par les récentes études athanasiennes, notamment suite aux travaux de Robert Gregg et Denis Groh. Face à l’arianisme qui réduit le Fils à être, comme nous, un élu par grâce et par mérite, Athanase insiste sur la centralité du Fils dans notre élection divine. Cette position de l’Alexandrin trouve un écho chez Karl Barth, un théologien moderne dans sa conception du Fils sujet de notre élection divine. Cet article reprend une intervention de l’auteur dans le cadre de la XIVe petite journée de patristique « Athanase d’Alexandrie, le fidèle obstiné de Nicée » de l’association Caritas Patrum le 29 mars 2025 au centre Jean-Baptiste Souzy de La Rochelle.
520 _aThe soteriological dimension and anthropological implications of Athanasius of Alexandria’s debates with Arianism have been highlighted by recent Athanasian studies, particularly following the work of Robert Gregg and Denis Groh. Faced with Arianism, which reduces the Son to being, like us, one chosen by grace and merit, Athanasius insists on the centrality of the Son in our divine election. This position of the Alexandrian finds an echo in Karl Barth, a modern theologian in his conception of the Son as the subject of our divine election. This article is based on a presentation given by the author at the 14th “Athanasius of Alexandria, the stubborn faithful of Nicaea” patristics conference organized by the Caritas Patrum association on March 29, 2025, at the Jean-Baptiste Souzy Center in La Rochelle.
690 _aarianisme
690 _aAthanase d’Alexandrie
690 _aélection divine
690 _aKarl Barth
690 _aNicée
690 _a pélagianisme
690 _asotériologie
690 _aTraités contre les ariens
690 _aVie d’Antoine
690 _aArianism
690 _aAthanasius of Alexandria
690 _adivine election
690 _aKarl Barth
690 _aLife of Anthony
690 _aNicaea
690 _aPelagianism
690 _asoteriology
690 _aTreatises Against the Arians
786 0 _nTransversalités | 176 | 1 | 2026-01-09 | p. 121-133 | 1286-9449
856 4 1 _uhttps://shs.cairn.info/revue-transversalites-2026-1-page-121?lang=fr&redirect-ssocas=7080
999 _c1645733
_d1645733